Управление финансовыми рисками: учебник и практикум для бакалавриата и магистратуры

Podrobná bibliografie
Další autoři: Хоминич И. П. Ирина Петровна (редактор), Пещанская И. В. Ирина Владимировна
Shrnutí:Учебник подготовлен коллективом кафедры «Управление рисками, страхование и ценные бумаги» ФГБОУ ВО «Российский экономический университет имени Г. В. Плеханова».Представлены теоретические аспекты управления финансовыми рисками, рассмотрены современные методы, процедуры и технологии управления финансовыми рисками. Раскрыты особенности управления финансовыми рисками в различных сферах экономики — на предприятиях реального сектора, в банках, страховых компаниях, у профессиональных участников рынка ценных бумаг, а также управления финансовыми рисками государства. Каждая глава учебника снабжена практикумом, в который входят задачи и задания, составленные на основе обобщения практического опыта управления финансовыми рисками финансовых и нефинансовых организаций, органов государственного управления.Соответствует актуальным требованиям Федерального государственного образовательного стандарта высшего образования.Для бакалавров и магистров экономики и менеджмента, обучающихся в высших учебных заведениях по программам первой и второй ступеней высшего образования. Будет полезен финансистам предприятий реального сектора экономики, специали­стам банков, страховых компаний, профучастников рынка ценных бумаг, организаций сектора государственного управления. Рекомендуется также аспирантам, докто­рантам, научным сотрудникам высших учебных заведений и научно-исследователь­ских организаций.
Jazyk:ruština
Vydáno: Москва, Юрайт, 2016
Edice:Бакалавр и магистр. Академический курс
Témata:
Médium: Kniha
KOHA link:https://koha.lib.tpu.ru/cgi-bin/koha/opac-detail.pl?biblionumber=321457

MARC

LEADER 00000nam0a2200000 4500
001 321457
005 20231102003358.0
010 |a 9785991671255 
035 |a (RuTPU)RU\TPU\book\347012 
090 |a 321457 
100 |a 20160825d2016 m y0rusy50 ca 
101 0 |a rus 
102 |a RU 
105 |a y j 001zy 
200 1 |a Управление финансовыми рисками  |e учебник и практикум для бакалавриата и магистратуры  |f под ред. И. П. Хоминич ; И. В. Пещанской 
210 |a Москва  |c Юрайт  |d 2016 
215 |a 346 с. 
225 1 |a Бакалавр и магистр. Академический курс 
320 |a Библиография в конце глав 
330 |a Учебник подготовлен коллективом кафедры «Управление рисками, страхование и ценные бумаги» ФГБОУ ВО «Российский экономический университет имени Г. В. Плеханова».Представлены теоретические аспекты управления финансовыми рисками, рассмотрены современные методы, процедуры и технологии управления финансовыми рисками. Раскрыты особенности управления финансовыми рисками в различных сферах экономики — на предприятиях реального сектора, в банках, страховых компаниях, у профессиональных участников рынка ценных бумаг, а также управления финансовыми рисками государства. Каждая глава учебника снабжена практикумом, в который входят задачи и задания, составленные на основе обобщения практического опыта управления финансовыми рисками финансовых и нефинансовых организаций, органов государственного управления.Соответствует актуальным требованиям Федерального государственного образовательного стандарта высшего образования.Для бакалавров и магистров экономики и менеджмента, обучающихся в высших учебных заведениях по программам первой и второй ступеней высшего образования. Будет полезен финансистам предприятий реального сектора экономики, специали­стам банков, страховых компаний, профучастников рынка ценных бумаг, организаций сектора государственного управления. Рекомендуется также аспирантам, докто­рантам, научным сотрудникам высших учебных заведений и научно-исследователь­ских организаций. 
606 1 |a Финансовые риски  |2 stltpush  |3 (RuTPU)RU\TPU\subj\37210  |9 58315 
610 1 |a финансы 
610 1 |a риски 
610 1 |a управление 
610 1 |a практикумы 
610 1 |a учебники 
610 1 |a риск-менеджмент 
610 1 |a теория 
610 1 |a методология 
610 1 |a методы 
610 1 |a технологии 
610 1 |a измерение 
610 1 |a оценка 
610 1 |a реальный сектор 
610 1 |a долговые риски 
610 1 |a капитальные вложения 
610 1 |a инвестиционные проекты 
610 1 |a банки 
610 1 |a страховые компании 
610 1 |a рынки ценных бумаг 
610 1 |a государственные риски 
686 |a У9(2)261.1я73  |v LBC/SL-A  |2 rubbk 
702 1 |a Хоминич  |b И. П.  |g Ирина Петровна  |4 340 
702 1 |a Пещанская  |b И. В.  |g Ирина Владимировна  |4 340 
801 1 |a RU  |b 63413507  |c 20160825 
801 2 |a RU  |b 63413507  |c 20160929  |g RCR 
942 |c BK 
951 |l 8.1  |l 8.3 
959 |a 56/20160824  |d 1  |e 749,00  |f ЧЗГЛ:1